|
|
|
|
| LEADER |
00000nam0a2200000 4500 |
| 001 |
379244 |
| 005 |
20231201141616.0 |
| 010 |
|
|
|a 5-699-13207-4
|
| 035 |
|
|
|a (RuTPU)RU\TPU\retro\36707
|
| 090 |
|
|
|a 379244
|
| 100 |
|
|
|a 20230810d2005 m||y0rusy50 ca
|
| 101 |
1 |
|
|a rus
|c eng
|
| 102 |
|
|
|a RU
|
| 105 |
|
|
|a y z 000ay
|
| 181 |
|
0 |
|a i
|b e
|
| 182 |
|
0 |
|a n
|
| 183 |
|
0 |
|a nc
|2 RDAcarrier
|
| 200 |
1 |
|
|a Убийство в стиле "психо"
|e роман
|f Рут Ренделл
|g пер. с англ. С. Чулковой
|
| 203 |
|
|
|a Текст
|b визуальный
|c непосредственный
|
| 210 |
|
|
|a Москва
|c Эксмо
|d 2005
|
| 215 |
|
|
|a 319 с.
|
| 225 |
1 |
|
|a Анатомия детектива
|
| 283 |
|
|
|a volume
|2 RDAcarrier
|
| 330 |
|
|
|a Дороти Сандерс лежала на спине. Ее лицо и проломленный череп представляли собой сплошное месиво —- кровь, осколки кости, вытекший мозг. Волосы тоже слиплись от крови. Она лежала в огромной луже собственной загустевшей крови, темной, как вино. Рядом с ней, на круглом столике, была аккуратно установлена лампа в стиле модерн: монументальная лилия на металлической основе под покосившимся абажуром из гофрированного шелка, настоящая мечта судмедэксперта. И подставку, и зеленый абажур покрывала кровь вперемешку с налипшими волосами. Новое дело инспектора Вексфорда в интригующем романе классика британского детектива Рут Ренделл "Убийство в стиле "психо". Впервые на русском языке.
|
| 606 |
1 |
|
|a Английская литература
|9 52454
|
| 610 |
1 |
|
|a художественная литература
|
| 610 |
1 |
|
|a английская проза
|
| 610 |
1 |
|
|a детективы
|
| 610 |
1 |
|
|a романы
|
| 610 |
1 |
|
|a современная проза
|
| 675 |
|
|
|a 82
|v 4
|z rus
|
| 700 |
|
1 |
|a Ренделл
|b Р.
|4 070
|g Рут
|
| 702 |
|
1 |
|4 730
|a Чулкова
|b С.
|
| 801 |
|
1 |
|a RU
|b 63413507
|c 20230810
|
| 942 |
|
|
|c BK
|